| 000 | 00560nam a2200229Ia 4500 | ||
|---|---|---|---|
| 008 | 170712s9999 xx 000 0 und d | ||
| 020 | _a9789710538027 | ||
| 050 | _a741.59 | ||
| 050 | _bC744 2009 | ||
| 100 | _aConching, Francisco V. | ||
| 245 | _aEl Indio : | ||
| 245 | _ba graphic novel / | ||
| 245 | _cby Francisco V. Conching. | ||
| 260 | _aPhilippines : | ||
| 260 | _bVibal, | ||
| 260 | _c2009 | ||
| 300 | _a175 pages : | ||
| 300 | _billustrations ; | ||
| 300 | _c27cm. | ||
| 650 | _aComic books, strips, etc. | ||
| 650 | _aGraphic novel. | ||
| 999 |
_c340371 _d340371 |
||